| 000 | 00897nac a22002657a 4500 | ||
|---|---|---|---|
| 001 | BR9903462 | ||
| 003 | BR-BrBNA | ||
| 005 | 20240105122240.0 | ||
| 008 | 230509b bl.|||m| |||| 00| 0 por d | ||
| 040 |
_aBR-BrBNA _bpor _cBiblioteca Nacional de Agricultura |
||
| 072 | _aF30 | ||
| 090 | _a0170 BR9903462 | ||
| 100 | 1 | _aAzevedo, L.M.P. de | |
| 100 | 1 | _aMorais, O.P. de | |
| 110 | 1 | _aCentro de Pesquisa Agroflorestal de Rondonia, Porto Velho (Brasil) | |
| 245 | 1 | _aAvaliacao de linhagens de arroz de sequeiro em Machadinho d'Oeste, Rondonia-1996/97 | |
| 260 | 3 |
_aPorto Velho, RO (Brasil): _c1998. |
|
| 300 | _a3 p. | ||
| 490 |
_aComunicado Tecnico - Centro de Pesquisa Agroflorestal de Rondonia (Brazil) _vno. 158 _xISSN 0103-9458 |
||
| 650 | _aArroz Sequeiro | ||
| 650 | _aLinhagem | ||
| 650 | _aRondonia | ||
| 909 |
_a202312 _bLúcia Elande _c55 _dLúcia Elande |
||
| 942 |
_2AGRIS _n0 _cMS |
||
| 999 |
_c290011 _d290011 |
||